| 000 | 00603cam a2200217 4500 | ||
|---|---|---|---|
| 008 | 090401t1980 xxu||||| |||| 00| 0 eng d | ||
| 020 | _a0711455902 | ||
| 035 | _a(Sirsi) u73438 | ||
| 041 | _aeng | ||
| 050 | _a692.3 | ||
| 100 | _aMurray, Stewart | ||
| 245 | _aBrickwork and blockwork | ||
| 260 |
_aLondon _bGeorge Godwin Limited _c1980 |
||
| 300 | _a142p. : ill. ; 23cm. | ||
| 350 | _a9.5 | ||
| 490 |
_aSMM6 Practice Handbooks Section _vG |
||
| 650 |
_aMeasurement _96256 |
||
| 650 | _aBUILT ENVIRONMENT-QUANTITY SURVEYING-STANDARD METHOD OF MEASUREMENT | ||
| 942 | _n0 | ||
| 948 | _c04/03/1997 | ||
| 999 |
_c95596 _d95596 |
||